000 00579cam a22002175a 4500
001 L159691
008 150226s2016 xxk f 000 0 eng d
035 _a(Sirsi) u159691
041 0 _aeng
100 1 _aPuckett, Katie
245 0 0 _aDeep water horizon
260 _c2017
490 _aModus
_vNovember 2016, 14-17 (4)
520 _aFlooding is becoming more frequent and more predictable. How can we adapt to this new normal?
590 _aKA
650 2 4 _aFLOODING
650 2 4 _aCLIMATE CHANGE
650 2 4 _aFLOOD RISK
690 _aEnvironment
_96238
942 _n0
999 _c84916
_d84916